Rozpoznaj miasto po opinii z WC publicznego - Statystyki

Ogólne statystyki
  • Ten quiz został rozwiązany 4 razy
  • Średni wynik to 3 z 12
Statystyki odpowiedzi
Hint Odpowiedź % Poprawnych
Masakra.. Strach się bać. Czekać tylko na to aż ktoś odwarzy się nagrać film typu Urbex. Odradzam wchodzenia każdemu.. Łódź
100%
wielka szpara w drzwiach pozdrawiam Warszawa
100%
tej toalaty od bardzo dawna nie ma Katowice
50%
Pani ****** ****** ********, paragonu nie zobaczysz, w ****** brak papieru, w zlewie naczynia brudne jak by to klient miał umyć, serial ogląda zamiast się praca zająć. Na koniec zapachu żadnego wali ********* więc nie polecam Zakopane
25%
Dobry na szybkie ***** by nie **** pod drzewo Chorzów
0%
Byłam tam pierwszy i ostatni raz. Cena na jedną osobę to 4 zł, a to trochę drogo jak na wyjście do ******. Stan tego ***** jest żenująco niski. Za taką cenę ***** powinien być czysty. Na suficie *******. Nie polecam. Gdańsk
0%
Pani przy obsłudze to ******. Płacenie 4 zł za ******** toaletę i najtańsze wszystko co możliwe to trochę za dużo. Tak czy siak dropnołem itemka lvl 34 i poszedłem Gdynia
0%
zamknięte przed czasem. brak szacunku dla obywateli z małym *******, nie wytrzymałem, ******* się przed nią Kraków
0%
****** toalety, szkoda że nie są czynne codziennie. Wiele osób (szczególnie z dziećmi) szukalo toalety, no ale klops bo obydwie zamknięte np dzisiaj. A szkoda bo jednak w tak ogromnym parku, w mieście wojewódzkim powinno się dbać o higienę i komfort użytkowników, a nie wysyłać dzieci w krzaczki ( wysłałam to już w tych krzakach był ktoś inny ). Takie miejsca powinny mieć toaletę 24/7. Te obecne i tak są płatne więc może jednak trzeba było postawić automatyczne toalety? Lublin
0%
Toaleta damska miała ********* więc musiałam pójść do męskiej. Pisemne uwagi, jak można zamknąć drzwi, były dostępne tylko w języku polskim i nawet inna Polka nie rozumiała, jak zamknąć drzwi. Straszne i zawstydzające. ( przetłumaczone z ukraińskiego ) Poznań
0%
*****, ******, ******. Wstyd dla miasta Sopot
0%
Pracownica agresywns bez kompetencji zatrudniona przez bratanka radnego po znajomościach, nikomu nie polecam tego miejsca, lepiej ***** w zaułku, naprawdę, tam może nie ma umywalek ale poziom i tak lepszy. Zielona Góra
0%
Nie znaleziono quizów pasujących do podanych kryteriów
Rozkład punktacji
Procent ludzi z każdym wynikiem
Percentyl według liczby udzielonych odpowiedzi
Twoja historia wyników
Nie rozwiązałeś tego quizu